000 00486nam a2200181Ia 4500
008 230718s9999 xx 000 0 und d
020 _a9788121925556
041 _aeng
082 _a621.381
_bTHE
100 _aTheraja B.L.
_9126181
245 _aBasic Electronics
_bSolid State
250 _a5th ed.
260 _c2014
_bS.Chand
300 _a715
365 _cRs.
_b595.00
700 _aTheraja B.L.
_9126181
906 _dO:0479722-Dec-2015B:SE/SI/248913-Oct-2015
_cALLIED
_b1178.1
999 _c340744
_d340744